000 00248nam a2200109Ia 4500
008 190216s9999||||xx |||||||||||||| ||und||
100 _aKaur H
245 0 _aWorld Political May
260 _bOriental Watchman Pub
650 _aHistory
942 _cBK
999 _c20365
_d20365